Fremantle Players 2025 - Statistics

General Stats
  • This quiz has been taken 15 times
  • The average score is 32 of 44
Answer Stats
Hint Answer % Correct
7 Nat Fyfe
100%
4 Sean Darcy
100%
8 Andrew Brayshaw
90%
3 Caleb Serong
90%
6 Jordan Clark
90%
35 Josh Treacy
90%
24 Jye Amiss
90%
9 Luke Jackson
90%
13 Luke Ryan
90%
44 Matthew Johnson
90%
10 Michael Walters
90%
16 Murphy Reid
90%
20 Pat Voss
90%
39 Sam Switkowski
90%
25 Alex Pearce
80%
26 Hayden Young
80%
5 Heath Chapman
80%
40 Jack Delean
80%
2 Jaeger O’Meara
80%
11 James Aish
80%
32 Micheal Fredrick
80%
1 Sam Sturt
80%
15 Shai Bolton
80%
41 Bailey Banfield
70%
36 Brennan Cox
70%
29 Cooper Simpson
70%
12 Hugh Davies
70%
Coach Justin Longmure
70%
30 Nathan O’Driscoll
70%
17 Will Brodie
70%
31 Brandon Walker
60%
34 Corey Wagner
60%
14 Jeremy Sharp
60%
28 Neil Erasmus
60%
21 Oscar McDonald
60%
37 Joshua Draper
50%
23 Karl Worner
50%
18 Liam Reidy
50%
42 Aiden Riddle
40%
38 Jaren Carr
40%
27 Odin Jones
40%
19 Quinton Narkle
40%
22 Charlie Nicholls
30%
33 Ollie Murphy
20%
No matching quizzes found
Score Distribution
Percent of People with Each Score
Percentile by Number Answered
Your Score History
You have not taken this quiz